000 00685nam a2200217 a 4500
001 000014569
005 20200929163853.0
008 100114s1995 pe ab 000 0bspa d
020 _a8483896079
040 _aDO-SdBNP
_bspa
_cBNPHU
082 _a923.9
_bR153B
100 1 _aBernex de Falen, Nicole,
_932987
245 1 0 _aAntonio Raimondi /
_cNicole Bernex de Falen.
260 _aLima, Perú :
_bBrasa,
_c1995.
300 _a127 p. :
_bil., mapas ;
_c21 cm.
490 1 _aForjadores del Perú
_v7
600 1 4 _aRAIMONDI, ANTONIO,
_d1824-1890
_xBIOGRAFÍAS
_932988
650 4 _aGeógrafos italianos
_xBiografías
_932989
830 0 _aForjadores del Perú ;
_v7
_932959
049 _aBNGR
999 _c14156
_d14156